UM Logo

Teaching public relations : (Record no. 23927)

MARC details
000 -LEADER
fixed length control field 00641 a2200181 4500
005 - DATE AND TIME OF LATEST TRANSACTION
control field 20251006075622.0
008 - FIXED-LENGTH DATA ELEMENTS--GENERAL INFORMATION
fixed length control field 251001b |||||||| |||| 00| 0 eng d
020 ## - INTERNATIONAL STANDARD BOOK NUMBER
International Standard Book Number 9781032805252
082 ## - DEWEY DECIMAL CLASSIFICATION NUMBER
Classification number DC 659.2071 Sm82 2025
100 ## - MAIN ENTRY--PERSONAL NAME
Personal name Smudde, Peter M.
9 (RLIN) 68280
245 ## - TITLE STATEMENT
Title Teaching public relations :
Remainder of title principles and practices for effective learning /
Statement of responsibility, etc. Peter M. Smudde.
250 ## - EDITION STATEMENT
Edition statement Revised edition.
260 ## - PUBLICATION, DISTRIBUTION, ETC. (IMPRINT)
Place of publication, distribution, etc. New York :
Name of publisher, distributor, etc. Routledge,
Date of publication, distribution, etc. ♭2025.
300 ## - PHYSICAL DESCRIPTION
Extent xii, 187 pages :
Other physical details illustrations ;
Dimensions 23 cm.
500 ## - GENERAL NOTE
General note Includes references, appendices and index.
650 #0 - SUBJECT ADDED ENTRY--TOPICAL TERM
Topical term or geographic name as entry element Public relation
Form subdivision Study and teaching.
9 (RLIN) 68284
942 ## - ADDED ENTRY ELEMENTS (KOHA)
Source of classification or shelving scheme Dewey Decimal Classification
Koha item type Circulation
Holdings
Withdrawn status Lost status Source of classification or shelving scheme Damaged status Not for loan Collection code Home library Current library Date acquired Source of acquisition Cost, normal purchase price Total Checkouts Full call number Barcode Date last seen Price effective from Koha item type
    Dewey Decimal Classification     Circulation UM Digos College - LIC UM Digos College - LIC 08/11/2025 Purchased 5125.00   DC 659.2071 Sm82 2025 28933 10/01/2025 10/01/2025 Circulation